| 000 | 00965nam a22002537a 4500 | ||
|---|---|---|---|
| 005 | 20170124103036.0 | ||
| 010 | _aB-000789 | ||
| 020 |
_c70.00 _a8170164583 |
||
| 035 | _aB-000789 | ||
| 037 | _bCen Lib/Ret | ||
| 040 |
_aDPL _bHN |
||
| 082 |
_aउ _bअनामि |
||
| 100 |
_aअनामिका _965369 |
||
| 245 |
_aअवान्तर कथा / _cअनामिका |
||
| 246 |
_aAwantar katha / _bby Anamika |
||
| 260 |
_aनयी दिल्ली _bकिताबघर प्रकाशन _c2000 |
||
| 270 |
_a24, अंसारी रोड, दरियागंज _bनयी दिल्ली _e110002 |
||
| 300 |
_a108पृ. _c20सेमी(सजिल्द ) |
||
| 650 |
_aहिंदी साहित्य _x _z _965370 |
||
| 650 |
_aहिंदी उपन्यास _965371 |
||
| 650 |
_aHindi literature _v _965372 |
||
| 650 |
_aHindi fiction _927248 |
||
| 942 |
_2ddc _cHN _hउ _mअनामि |
||
| 999 |
_c116214 _d116214 |
||